| 000 | 00414cam a2200157ua 4500 | ||
|---|---|---|---|
| 041 |
_aeng _h |
||
| 082 |
_a820 _bDRA/AP |
||
| 100 | _aDrake, H B . | ||
| 245 |
_aApproach to English literature for students abroad, Book 2 / _cH B Drake. _hTextual Documents |
||
| 250 |
_a1 / _b. |
||
| 260 |
_aLondon : _bOxford University Press , _c1967. |
||
| 300 | _a153 ; . | ||
| 504 | _a | ||
| 942 | _cBK | ||
| 999 |
_c6511 _d6511 |
||